Diseño del sistema de abastecimiento de agua potable para la comunidad Germán Pomares Ordóñez, municipio de San Fernando, departamento de Nueva Segovia
El presente trabajo diseño del sistema de abastecimiento de agua potable para la comunidad Germán Pomares Ordóñez, ubicada en el municipio de San Fernando, departamento de Nueva Segovia; el proyecto consiste en un mini acueducto por gravedad que aprovechará el agua del Rio Horca y que podrá sa...
| Main Authors: | , , |
|---|---|
| Other Authors: | |
| Format: | Tesis Section = Libro |
| Language: | Undetermined Spanish |
| Published: |
Managua
UNI
2022
|
| Subjects: |
| LEADER | 01527nam a2200277Ia 4500 | ||
|---|---|---|---|
| 008 | 240830s9999 xx 000 0 und d | ||
| 040 | |a BIBLIOTECA-RUPAP/ Mon 628.72 C355 | ||
| 041 | |a spa | ||
| 082 | |a Mon 628.72 C355 | ||
| 100 | 1 | |a Castro Quintanilla, Fernando de Jesús | |
| 100 | 1 | |b Herrera Zeledón, Cristian Eugenio | |
| 100 | 1 | |c Tinoco González, Isidro Jesús | |
| 245 | 1 | 0 | |a Diseño del sistema de abastecimiento de agua potable para la comunidad Germán Pomares Ordóñez, municipio de San Fernando, departamento de Nueva Segovia |
| 260 | |a Managua |b UNI |c 2022 | ||
| 300 | |a 138 p. :il. | ||
| 500 | |a Contiene: anexos y CD. | ||
| 502 | |a Tesis (Ingeniero Civil) - UNI, 2022. | ||
| 520 | 3 | |a El presente trabajo diseño del sistema de abastecimiento de agua potable para la comunidad Germán Pomares Ordóñez, ubicada en el municipio de San Fernando, departamento de Nueva Segovia; el proyecto consiste en un mini acueducto por gravedad que aprovechará el agua del Rio Horca y que podrá satisfacer la demanda de 477 familias y de 1868 habitantes, los que en la actualidad no cuentan con un servicio de abastecimiento de agua segura, por lo que tienen que recorrer distancias de hasta un kilómetro para obtener agua para consumo y uso doméstico. | |
| 650 | 7 | |a AGUA POTABLE | |
| 650 | 7 | |b ABASTECIMIENTO DE AGUA | |
| 650 | 7 | |c ACUEDUCTO-DISEÑO Y CONSTRUCCION | |
| 650 | 7 | |d DISEÑO HIDRAULICO | |
| 700 | 1 | |a Tutor: |b Chow Zúniga, Juan Leonardo | |
| 942 | |c BK |2 ddc | ||
| 991 | |a Tesis | ||
| 999 | |c 27688 | ||